Estrategia psicopedagógica para desarrollar las habilidades sociales en los escolares con talento académico del segundo ciclo de la educación primaria

Propone una estrategia psicopedagógica para el desarrollo de habilidades sociales en los escolares con talento académico del segundo ciclo en el proceso de la educación desarrolladora de la Educación Primaria.

Enregistré dans:
Détails bibliographiques
Auteur principal: Vera Salazar, Nilda
Collectivité auteur: e-libro, Corp
Autres auteurs: Elejalde Villalón, Ángel Oscar (Directeur)
Format: eBook
Langue:espagnol
Publié: La Habana : Editorial Universitaria, 2012.
Sujets:
Accès en ligne:https://elibro.unach.elogim.com/es/lc/unach/titulos/90393
Tags: Ajouter un tag
Pas de tags, Soyez le premier à ajouter un tag!

MARC

LEADER 00000nam a2200000 a 4500
001 ELB90393
003 FlNmELB
006 m o d |
007 cr cn|||||||||
008 201201r2012 cu |||||s|||||||||||spa d
024 8 |z Tesis 
035 |a (MiAaPQ)EBC3201079 
035 |a (Au-PeEL)EBL3201079 
035 |a (CaPaEBR)ebr10584369 
035 |a (OCoLC)929370135 
040 |a FlNmELB  |b spa  |c FlNmELB 
050 4 |a LA173  |b V473 2012 
080 |a 378 
082 0 4 |a 378  |2 22 
100 1 |a Vera Salazar, Nilda. 
245 1 0 |a Estrategia psicopedagógica para desarrollar las habilidades sociales en los escolares con talento académico del segundo ciclo de la educación primaria  |h [recurso electronico]  |c Nilda Vera Salazar. 
260 |a La Habana :  |b Editorial Universitaria,  |c 2012. 
300 |a 225 p. 
500 |a Tesis (doctorado) - Universidad de Ciencias Pedagógicas ""Enrique José Varona"". 
520 |a Propone una estrategia psicopedagógica para el desarrollo de habilidades sociales en los escolares con talento académico del segundo ciclo en el proceso de la educación desarrolladora de la Educación Primaria. 
533 |a Recurso electrónico. Santa Fe, Arg.: e-libro, 2015. Disponible vía World Wide Web. El acceso puede estar limitado para las bibliotecas afiliadas a e-libro. 
650 4 |a Educación.  |x Educación especial.  |x Talentosos. 
650 4 |a Education.  |x Special education.  |x Gifted. 
650 4 |a Psicología.  |x Psicología social. 
650 4 |a Psychology.  |x Social psychology. 
655 4 |a Libros electrónicos. 
700 1 |a Elejalde Villalón, Ángel Oscar.  |4 drt 
710 2 |a e-libro, Corp. 
856 4 0 |u https://elibro.unach.elogim.com/es/lc/unach/titulos/90393